| 000 | 00621nam a22001577a 4500 | ||
|---|---|---|---|
| 008 | 171201b xxu||||| |||| 00| 0 eng d | ||
| 020 | _a9966250077 | ||
| 050 | _aAFR HC 865 .O28 2000 | ||
| 100 |
_aObudho R.A. _d2000. |
||
| 245 |
_aIssues in Resource Management and Development in Kenya / _bEssays in Memory of Pro. Simeon H. Ominde / _cObudho R.A. |
||
| 250 | _a1st ed. | ||
| 260 |
_aKenya: _bEast Affrican Educational Publishers, _c2000. |
||
| 300 |
_a313p. :ill. _bincludes bibliographical references and index. _c18cm |
||
| 650 | _aEconomic conditions | ||
| 942 |
_2lcc _cBOOKS _hAFR HC 865 .O28 2008 |
||
| 999 |
_c29343 _d29343 |
||